[Event "George Trundle Masters 2016"]
[Site "Auckland"]
[Date "2016.07.14"]
[Round "6.1"]
[White "Solomon, Stephen J"]
[Black "Watson, Bruce R"]
[Result "1-0"]
[LiveChessVersion "1.4.8"]
[BlackElo "2237"]
[WhiteElo "2367"]

1. e4 {[%clk 1:30:55]} c5 {[%clk 1:30:56]} 2. Nf3 {[%clk 1:31:05]} Nc6
{[%clk 1:31:21]} 3. d4 {[%clk 1:30:31]} cxd4 {[%clk 1:31:45]} 4. Nxd4
{[%clk 1:30:53]} Nf6 {[%clk 1:31:51]} 5. Nc3 {[%clk 1:31:01]} d6 {[%clk 1:32:15]}
6. Bg5 {[%clk 1:30:54]} e6 {[%clk 1:32:25]} 7. Qd2 {[%clk 1:31:15]} Be7
{[%clk 1:32:48]} 8. O-O-O {[%clk 1:31:21]} Nxd4 {[%clk 1:33:06]} 9. Qxd4
{[%clk 1:31:17]} O-O {[%clk 1:32:43]} 10. e5 {[%clk 1:12:16]} dxe5
{[%clk 1:16:29]} 11. Qxe5 {[%clk 1:12:31]} Nd7 {[%clk 1:16:45]} 12. Bxe7
{[%clk 1:12:17]} Qxe7 {[%clk 1:16:54]} 13. Qc7 {[%clk 1:11:19]} Qd8
{[%clk 1:15:44]} 14. Qd6 {[%clk 1:08:01]} Qa5 {[%clk 1:12:04]} 15. Bb5
{[%clk 1:02:43]} Nf6 {[%clk 1:09:27]} 16. a4 {[%clk 1:01:29]} Ne8
{[%clk 1:01:18]} 17. Bxe8 {[%clk 0:52:16]} Rxe8 {[%clk 1:01:32]} 18. Nb5
{[%clk 0:52:37]} Rf8 {[%clk 0:54:02]} 19. Nc7 {[%clk 0:37:32]} Rb8
{[%clk 0:53:17]} 20. Ne8 {[%clk 0:37:14]} Bd7 {[%clk 0:41:18]} 21. Qxb8
{[%clk 0:36:41]} Rxe8 {[%clk 0:38:38]} 22. Qxb7 {[%clk 0:36:16]} Bxa4
{[%clk 0:38:27]} 23. Rd4 {[%clk 0:31:52]} Bb3 {[%clk 0:36:27]} 24. cxb3
{[%clk 0:18:45]} Qa1+ {[%clk 0:36:13]} 25. Kd2 {[%clk 0:19:08]} Qxb2+
{[%clk 0:35:31]} 26. Ke3 {[%clk 0:18:48]} f5 {[%clk 0:32:53]} 27. Rhd1
{[%clk 0:15:48]} e5 {[%clk 0:29:02]} 28. R4d2 {[%clk 0:15:04]} 1-0

[Event "George Trundle Masters 2016"]
[Site "Auckland"]
[Date "2016.07.14"]
[Round "6.2"]
[White "Wastney, Scott"]
[Black "Croad, Nicholas"]
[Result "1-0"]
[LiveChessVersion "1.4.8"]
[BlackElo "2320"]
[WhiteElo "2370"]

1. e4 {[%clk 1:30:58]} c5 {[%clk 1:30:56]} 2. Nf3 {[%clk 1:31:24]} d6
{[%clk 1:31:22]} 3. d4 {[%clk 1:31:51]} cxd4 {[%clk 1:31:50]} 4. Nxd4
{[%clk 1:32:16]} Nf6 {[%clk 1:32:15]} 5. Nc3 {[%clk 1:32:42]} Nc6
{[%clk 1:32:42]} 6. Bg5 {[%clk 1:32:52]} e6 {[%clk 1:33:05]} 7. Qd2
{[%clk 1:33:10]} a6 {[%clk 1:33:25]} 8. O-O-O {[%clk 1:33:10]} Bd7
{[%clk 1:33:50]} 9. f4 {[%clk 1:32:17]} b5 {[%clk 1:34:12]} 10. Bxf6
{[%clk 1:31:15]} gxf6 {[%clk 1:34:37]} 11. Kb1 {[%clk 1:30:56]} b4
{[%clk 1:34:48]} 12. Nce2 {[%clk 1:30:53]} Qb6 {[%clk 1:35:12]} 13. Nxc6
{[%clk 1:30:55]} Bxc6 {[%clk 1:35:35]} 14. f5 {[%clk 1:31:10]} e5
{[%clk 1:35:58]} 15. Ng3 {[%clk 1:31:10]} Qc5 {[%clk 1:36:21]} 16. Bd3
{[%clk 1:30:39]} Rg8 {[%clk 1:36:23]} 17. Nh5 {[%clk 1:29:44]} Ke7
{[%clk 1:36:39]} 18. Rhg1 {[%clk 1:27:01]} Rg5 {[%clk 1:36:51]} 19. Qe2
{[%clk 1:01:27]} a5 {[%clk 1:29:30]} 20. h4 {[%clk 0:57:35]} Rg8 {[%clk 1:29:41]}
21. g4 {[%clk 0:54:51]} h6 {[%clk 1:24:23]} 22. g5 {[%clk 0:51:11]} hxg5
{[%clk 1:22:04]} 23. hxg5 {[%clk 0:50:18]} fxg5 {[%clk 1:18:07]} 24. f6+
{[%clk 0:43:33]} Kd8 {[%clk 1:16:49]} 25. Ng7 {[%clk 0:40:04]} Kc8
{[%clk 1:07:04]} 26. Rxg5 {[%clk 0:38:21]} Rh8 {[%clk 1:07:28]} 27. Rh5
{[%clk 0:33:13]} Rxh5 {[%clk 1:06:09]} 28. Qxh5 {[%clk 0:33:16]} Ra7
{[%clk 1:06:14]} 29. Qh8 {[%clk 0:29:39]} d5 {[%clk 1:06:38]} 30. exd5
{[%clk 0:28:16]} Bxd5 {[%clk 1:07:04]} 31. Nf5 {[%clk 0:24:38]} e4
{[%clk 0:55:27]} 32. Bxe4 {[%clk 0:22:21]} Bxa2+ {[%clk 0:41:51]} 33. Kxa2
{[%clk 0:20:43]} b3+ {[%clk 0:40:20]} 34. cxb3 {[%clk 0:13:45]} a4
{[%clk 0:40:15]} 35. b4 {[%clk 0:11:58]} Qxb4 {[%clk 0:38:02]} 36. Ne7+
{[%clk 0:11:36]} 1-0

[Event "George Trundle Masters 2016"]
[Site "Auckland"]
[Date "2016.07.14"]
[Round "6.3"]
[White "Chan, Peng Kong"]
[Black "Lane, Gary W"]
[Result "0-1"]
[LiveChessVersion "1.4.8"]
[BlackElo "2375"]
[WhiteElo "2238"]

1. d4 {[%clk 1:30:51]} d5 {[%clk 1:30:55]} 2. Nf3 {[%clk 1:31:00]} Nf6
{[%clk 1:30:58]} 3. c4 {[%clk 1:31:04]} dxc4 {[%clk 1:31:22]} 4. e3
{[%clk 1:31:07]} Bg4 {[%clk 1:29:56]} 5. Bxc4 {[%clk 1:30:49]} e6
{[%clk 1:30:19]} 6. h3 {[%clk 1:28:20]} Bh5 {[%clk 1:28:43]} 7. Nc3
{[%clk 1:27:53]} a6 {[%clk 1:27:30]} 8. g4 {[%clk 1:20:53]} Bg6 {[%clk 1:27:46]}
9. Ne5 {[%clk 1:21:17]} Nbd7 {[%clk 1:23:36]} 10. Nxg6 {[%clk 1:21:17]} hxg6
{[%clk 1:23:59]} 11. g5 {[%clk 1:21:26]} Nh7 {[%clk 1:15:35]} 12. f4
{[%clk 1:20:18]} c5 {[%clk 1:11:44]} 13. d5 {[%clk 1:05:08]} e5 {[%clk 0:56:12]}
14. a4 {[%clk 0:56:38]} Bd6 {[%clk 0:52:36]} 15. Qg4 {[%clk 0:48:45]} Qe7
{[%clk 0:48:00]} 16. O-O {[%clk 0:46:51]} O-O-O {[%clk 0:43:41]} 17. Bd2
{[%clk 0:46:22]} Kb8 {[%clk 0:43:44]} 18. Rae1 {[%clk 0:45:44]} Bc7
{[%clk 0:43:09]} 19. Rd1 {[%clk 0:39:57]} Nb6 {[%clk 0:40:49]} 20. b3
{[%clk 0:38:56]} Nf8 {[%clk 0:39:35]} 21. Kg2 {[%clk 0:36:25]} Nfd7
{[%clk 0:39:39]} 22. Be2 {[%clk 0:34:09]} Nc8 {[%clk 0:38:04]} 23. Qg3
{[%clk 0:32:13]} f6 {[%clk 0:28:36]} 24. h4 {[%clk 0:31:45]} Nd6 {[%clk 0:28:54]}
25. Bg4 {[%clk 0:31:52]} Nf5 {[%clk 0:28:37]} 26. Bxf5 {[%clk 0:32:09]} gxf5
{[%clk 0:29:06]} 27. Bc1 {[%clk 0:31:26]} Nf8 {[%clk 0:24:26]} 28. Rh1
{[%clk 0:31:38]} Qd6 {[%clk 0:22:38]} 29. Qf3 {[%clk 0:29:03]} Qb6
{[%clk 0:16:42]} 30. Kg3 {[%clk 0:23:56]} fxg5 {[%clk 0:14:12]} 31. hxg5
{[%clk 0:24:05]} Rxh1 {[%clk 0:14:35]} 32. Rxh1 {[%clk 0:22:59]} Qxb3
{[%clk 0:14:44]} 33. Bd2 {[%clk 0:21:27]} Qc2 {[%clk 0:14:44]} 34. Rh2
{[%clk 0:12:33]} Ng6 {[%clk 0:13:48]} 35. Be1 {[%clk 0:10:26]} Qd3
{[%clk 0:12:34]} 36. Bd2 {[%clk 0:08:37]} e4 {[%clk 0:12:57]} 0-1

[Event "George Trundle Masters 2016"]
[Site "Auckland"]
[Date "2016.07.14"]
[Round "6.4"]
[White "Garbett, Paul A"]
[Black "Hague, Ben"]
[Result "1/2-1/2"]
[LiveChessVersion "1.4.8"]
[BlackElo "2336"]
[WhiteElo "2229"]

1. Nf3 {[%clk 1:30:56]} c5 {[%clk 1:30:56]} 2. e4 {[%clk 1:31:22]} Nc6
{[%clk 1:31:21]} 3. Bb5 {[%clk 1:31:36]} d6 {[%clk 1:31:45]} 4. O-O
{[%clk 1:31:33]} Bd7 {[%clk 1:32:10]} 5. Re1 {[%clk 1:31:03]} Nf6
{[%clk 1:32:31]} 6. h3 {[%clk 1:30:59]} a6 {[%clk 1:31:09]} 7. Bf1
{[%clk 1:31:03]} e5 {[%clk 1:21:38]} 8. c3 {[%clk 1:30:20]} Be7 {[%clk 1:20:19]}
9. d4 {[%clk 1:30:03]} cxd4 {[%clk 1:20:08]} 10. cxd4 {[%clk 1:30:16]} exd4
{[%clk 1:20:09]} 11. Nxd4 {[%clk 1:29:08]} d5 {[%clk 1:02:50]} 12. e5
{[%clk 1:27:37]} Ne4 {[%clk 1:01:39]} 13. Nxc6 {[%clk 1:20:21]} Bxc6
{[%clk 0:59:53]} 14. Nd2 {[%clk 1:09:09]} Qb6 {[%clk 0:45:20]} 15. Nxe4
{[%clk 1:08:28]} dxe4 {[%clk 0:45:45]} 16. Qc2 {[%clk 0:57:38]} O-O
{[%clk 0:43:22]} 17. a3 {[%clk 0:52:23]} Rac8 {[%clk 0:41:41]} 18. b4
{[%clk 0:50:29]} Bd5 {[%clk 0:39:15]} 19. Qe2 {[%clk 0:44:20]} Qe6
{[%clk 0:36:25]} 20. Bb2 {[%clk 0:43:53]} Bd8 {[%clk 0:35:32]} 21. Bd4
{[%clk 0:37:27]} Bc7 {[%clk 0:34:38]} 22. Qg4 {[%clk 0:37:35]} Qxg4
{[%clk 0:34:20]} 23. hxg4 {[%clk 0:37:58]} Rfe8 {[%clk 0:34:41]} 24. Rac1
{[%clk 0:36:55]} Bb8 {[%clk 0:25:41]} 1/2-1/2

[Event "George Trundle Masters 2016"]
[Site "Auckland"]
[Date "2016.07.14"]
[Round "6.5"]
[White "Wallis, Christopher"]
[Black "Smith, Robert W"]
[Result "1-0"]
[LiveChessVersion "1.4.8"]
[BlackElo "2207"]
[WhiteElo "2351"]

1. d4 {[%clk 1:30:43]} Nf6 {[%clk 1:30:53]} 2. c4 {[%clk 1:31:06]} e6
{[%clk 1:30:07]} 3. Nc3 {[%clk 1:31:20]} Bb4 {[%clk 1:30:31]} 4. e3
{[%clk 1:31:43]} b6 {[%clk 1:30:58]} 5. Nge2 {[%clk 1:32:07]} Ba6
{[%clk 1:31:24]} 6. Ng3 {[%clk 1:32:32]} Bxc3+ {[%clk 1:31:42]} 7. bxc3
{[%clk 1:32:54]} d5 {[%clk 1:32:11]} 8. Ba3 {[%clk 1:33:04]} Bxc4
{[%clk 1:32:37]} 9. Bxc4 {[%clk 1:33:28]} dxc4 {[%clk 1:33:04]} 10. Qa4+
{[%clk 1:33:49]} Qd7 {[%clk 1:33:23]} 11. Qxc4 {[%clk 1:34:12]} Qc6
{[%clk 1:33:51]} 12. Qxc6+ {[%clk 1:34:32]} Nxc6 {[%clk 1:34:20]} 13. c4
{[%clk 1:34:51]} O-O-O {[%clk 1:34:02]} 14. Rc1 {[%clk 1:27:27]} Rhe8
{[%clk 1:29:28]} 15. Ke2 {[%clk 1:25:07]} Rd7 {[%clk 1:21:37]} 16. Rhd1
{[%clk 1:17:53]} Kb7 {[%clk 1:18:35]} 17. f3 {[%clk 1:15:24]} Red8
{[%clk 1:14:42]} 18. Bb2 {[%clk 1:11:00]} Ne8 {[%clk 1:10:03]} 19. Ne4
{[%clk 1:02:31]} h6 {[%clk 1:03:51]} 20. Nd2 {[%clk 0:58:09]} f5 {[%clk 1:00:02]}
21. Nb3 {[%clk 0:54:58]} Nf6 {[%clk 0:59:11]} 22. Rd2 {[%clk 0:48:28]} Nb4
{[%clk 0:52:49]} 23. c5 {[%clk 0:38:57]} c6 {[%clk 0:52:30]} 24. a4
{[%clk 0:37:45]} Na6 {[%clk 0:48:31]} 25. Ba3 {[%clk 0:34:01]} Rc8
{[%clk 0:44:39]} 26. Rb2 {[%clk 0:32:35]} Ka8 {[%clk 0:43:12]} 27. cxb6
{[%clk 0:31:09]} axb6 {[%clk 0:43:33]} 28. Nd2 {[%clk 0:30:31]} Ra7
{[%clk 0:19:52]} 29. Nc4 {[%clk 0:24:04]} Nd7 {[%clk 0:19:27]} 30. Nxb6+
{[%clk 0:20:36]} Nxb6 {[%clk 0:19:52]} 31. Rxb6 {[%clk 0:21:01]} Nb8
{[%clk 0:20:18]} 32. Bd6 {[%clk 0:17:49]} Ra6 {[%clk 0:19:08]} 33. Rxa6+
{[%clk 0:17:11]} Nxa6 {[%clk 0:19:37]} 34. g4 {[%clk 0:16:16]} g6
{[%clk 0:16:03]} 35. e4 {[%clk 0:14:31]} Kb7 {[%clk 0:13:34]} 36. gxf5
{[%clk 0:13:11]} gxf5 {[%clk 0:13:57]} 37. Rb1+ {[%clk 0:13:23]} Ka7
{[%clk 0:13:37]} 38. Rg1 {[%clk 0:13:40]} fxe4 {[%clk 0:12:07]} 39. fxe4
{[%clk 0:13:59]} Rd8 {[%clk 0:12:15]} 40. e5 {[%clk 0:43:36]} Kb6
{[%clk 0:41:48]} 41. Rg6 {[%clk 0:35:21]} Re8 {[%clk 0:42:14]} 42. Rxh6
{[%clk 0:35:37]} Ka5 {[%clk 0:42:38]} 43. Kd3 {[%clk 0:34:03]} Nb4+
{[%clk 0:38:21]} 44. Kc4 {[%clk 0:33:11]} Nc2 {[%clk 0:38:36]} 45. Rh7
{[%clk 0:33:01]} Ne3+ {[%clk 0:37:45]} 46. Kc5 {[%clk 0:33:13]} Kxa4
{[%clk 0:37:48]} 47. Kxc6 {[%clk 0:32:19]} Nf5 {[%clk 0:37:41]} 48. Bc5
{[%clk 0:32:05]} Rd8 {[%clk 0:37:00]} 49. Kc7 {[%clk 0:27:53]} Rg8
{[%clk 0:35:42]} 50. Kd7 {[%clk 0:27:12]} Rg6 {[%clk 0:36:07]} 51. h4
{[%clk 0:25:17]} 1-0